Stosunki miedzyludskie w zakladzie pracy analyza socjologiczna

Salvato in:
Dettagli Bibliografici
Autore principale: Czajka, Stanislaw
Natura: Libro
Lingua:polacco
Pubblicazione: Warszawa Wyd. Naukowe 1986
Tags: Aggiungi Tag
Nessun Tag, puoi essere il primo ad aggiungerne!!

MARC

LEADER 00000nam a2200000 4500
001 c104788
005 20041019155133.1
041 0 |a pol 
044 |a PL 
245 1 0 |a Stosunki miedzyludskie w zakladzie pracy  |b analyza socjologiczna  |c Stanislaw Czajka 
264 1 |a Warszawa  |b Wyd. Naukowe  |c 1986 
300 |a 356 s. 
100 1 |a Czajka, Stanislaw